Statistics for Countries, US States, Capitals, Elements, 100 Most Common Words: Containing F

Click here to take the quiz!

General Stats

  • This quiz has been taken 946 times
  • The average score is 21 of 37

Answer Stats

CategoryLETTERS ONLYLETTERS AND SPACESANSWER% Correct
Countries of the World (196)FRANCEFRANCEFrance
96%
Countries of the World (196)FIJIFIJIFiji
92%
Countries of the World (196)FINLANDFINLANDFinland
90%
Most Common English Words (100)FORFORFor
90%
50 States in One Minute (50)FLORIDAFLORIDAFlorida
87%
Countries of the World (196)AFGHANISTANAFGHANISTANAfghanistan
76%
Periodic Table Quiz (118)FLUORINEFLUORINEFluorine
75%
World Capitals (196)FUNAFUTIFUNAFUTIFunafuti
75%
Most Common English Words (100)OFOFOf
72%
Most Common English Words (100)FROMFROMFrom
71%
World Capitals (196)FREETOWNFREETOWNFreetown
70%
Periodic Table Quiz (118)FRANCIUMFRANCIUMFrancium
65%
US State Capitals (50)FRANKFORTFRANKFORTFrankfort
65%
Countries of the World (196)FEDERATEDSTATESOFMICRONESIAFEDERATED STATES OF MICRONESIAFederated States of Micronesia
59%
50 States in One Minute (50)CALIFORNIACALIFORNIACalifornia
57%
Most Common English Words (100)IFIFIf
57%
Most Common English Words (100)AFTERAFTERAfter
53%
Most Common English Words (100)FIRSTFIRSTFirst
53%
World Capitals (196)SOFIASOFIASofia
53%
Countries of the World (196)DEMOCRATICREPUBLICOFTHECONGODEMOCRATIC REPUBLIC OF THE CONGODemocratic Republic of the Congo
51%
Periodic Table Quiz (118)FERMIUMFERMIUMFermium
51%
Countries of the World (196)SOUTHAFRICASOUTH AFRICASouth Africa
51%
US State Capitals (50)JEFFERSONCITYJEFFERSON CITYJefferson City
48%
Countries of the World (196)REPUBLICOFTHECONGOREPUBLIC OF THE CONGORepublic of the Congo
47%
Periodic Table Quiz (118)CALIFORNIUMCALIFORNIUMCalifornium
46%
Periodic Table Quiz (118)HAFNIUMHAFNIUMHafnium
46%
Countries of the World (196)CENTRALAFRICANREPUBLICCENTRAL AFRICAN REPUBLICCentral African Republic
44%
Periodic Table Quiz (118)FLEROVIUMFLEROVIUMFlerovium
42%
World Capitals (196)BLOEMFONTEINBLOEMFONTEINBloemfontein
40%
Countries of the World (196)BURKINAFASOBURKINA FASOBurkina Faso
37%
Periodic Table Quiz (118)RUTHERFORDIUMRUTHERFORDIUMRutherfordium
36%
Periodic Table Quiz (118)SULFURSULFURSulfur
36%
US State Capitals (50)SANTAFESANTA FESanta Fe
35%
World Capitals (196)NUKUALOFANUKU ALOFANukuʻalofa
34%
World Capitals (196)PORTOFSPAINPORT OF SPAINPort-of-Spain
34%
US State Capitals (50)HARTFORDHARTFORDHartford
28%
US State Capitals (50)SPRINGFIELDSPRINGFIELDSpringfield
22%

Score Distribution

Percentile by Number Answered

Percent of People with Each Score

Your Score History

You have not taken this quiz